000 00398nam a2200157Ia 4500
005 20250410082721.0
008 240331s9999 xx 000 0 und d
082 _bSEN
_a200
100 _aSenthilnathan, S
245 0 _aSamayamum samaya ethirpum
260 _aChennai
_bPuthumaipithan pathippagam
_c2003
300 _a64 p .,
650 _aSamaiyamum
650 _aSamaya Ethirpaarpum
942 _cL
999 _c3564
_d3564